Algemene Kennisquiz #9 - Statistieken

Algemene statistieken
  • Deze quiz is 2.295 keer genomen
  • De gemiddelde score is 9 van 20
Antwoordstatistieken
Vraag Antwoord % Correct
In welk land kun je het makkelijkst een polder vinden? Nederland
85%
Wat moet je niet in de bek kijken? Een {gegeven} {paard}
84%
Wie heeft Facebook opgericht? Mark Zuckerberg
84%
Wat drinkt zijn melk zo zoetjes als kleine kinderen moeten gaan slapen? Een {schaap}
81%
Van welk eiland komen maki's? Madagaskar
75%
Wat is het grootste eiland in de Caribische Zee? Cuba
70%
Wat is de grootste hagedissensoort? {Komodo}varaan
59%
In welke taal is de wapenspreuk van de Nederlandse Staat geschreven? Frans
49%
Wie was de eerste vrouw die een Nobelprijs won, en de eerste persoon die er twee won? Marie Curie
49%
Wat was het equivalent van de CIA in de Sovjet-Unie? KGB
47%
Wat veroverden de Normandiërs in 1066? Engeland
44%
Welk land zit samen met de VS, het Verenigd Koninkrijk, Canada en Australië in het "Five Eyes"-inlichtingennetwerk? Nieuw-Zeeland
43%
Wat is het tweede boek van de Bijbel? Exodus
30%
Voor welke stadstaat vocht Hannibal? Carthago
28%
Over welke zanger gaat de film "Walk the Line"? Johnny Cash
26%
De naam van welke hoofdstad kan gevormd worden door slechts één letter toe te voegen aan de hoofdstad van Jamaica? Kingstown
26%
Wie doodde Achilles? Paris
23%
Welk instrument bespeelde Ravi Shankar? Sitar
15%
Wie is de aartsvijand van He-Man? Skeletor
9%
Wat is een Japanse film uit 1997, of het Japanse woord voor zoetwateraal? Unagi
6%
Geen overeenkomende quizzen gevonden
Scoreverdeling
Procent van Mensen met Elke Score
Percentiel versus Aantal Correcte Antwoorden
Uw Scoregeschiedenis
U heeft deze quiz nog niet genomen